| 000 | 00626nam a2200169 a 4500 | ||
|---|---|---|---|
| 005 | 20210219160131.0 | ||
| 008 | 080815s1991 mx r 000 0 spa d | ||
| 035 | _aUPN01000159251 | ||
| 049 | _aUNE | ||
| 080 | _a376.6/7 (7/8) "1991" ALT Tomo5. | ||
| 245 | 0 | 0 |
_aAlternativas de educación para grupos culturalmente diferenciados ; _bcultura popular y educación popular |
| 260 |
_aMéxico : _bCREFAL; _aWashington : _bOEA, _c1991. |
||
| 300 | _aviii, 204 p. | ||
| 690 | _aEducacion comunitaria - Programas de educacion - America Latina | ||
| 690 | _aPrograma de educacion de adultos - Grupos minoritarios | ||
| 905 | _aUNESCO | ||
| 999 |
_c131365 _d131365 |
||